Studijní příručka a řešené příklady k českému vydání učebnice John McMurry: Organická chemie
Salvato in:
| Autore principale: | |
|---|---|
| Altri autori: | , , |
| Natura: | Libro |
| Lingua: | ceco inglese |
| Pubblicazione: |
V Praze
Vysoká škola chemicko-technologická
2009
|
| Edizione: | Vyd. 1. |
| Soggetti: | |
| Accesso online: | Visualizza in OPAC |
| Tags: |
Nessun Tag, puoi essere il primo ad aggiungerne!!
|
MARC
| LEADER | 00000cam a2200000 a 4500 | ||
|---|---|---|---|
| 005 | 20260127134242.0 | ||
| 008 | 180730s2009 xr l f p 000 0 cze c | ||
| 020 | |a 9788070807031 |q (brož.) | ||
| 035 | |a vtls010077649 | ||
| 039 | 9 | |a 201807301455 |b VLOAD |c 201511181253 |d mschk03 |c 201511181222 |d mschk03 |c 201410170946 |d mschk03 |y 201003191358 |z msavuk22 | |
| 040 | |a ABA013 |b slo |c SAVUK |d SAVUK AACR2 |d STUSCHK1 | ||
| 041 | 1 | |a cze |h eng | |
| 044 | |a xr | ||
| 072 | 7 | |a 547 |x Organická chémia |2 konspekt | |
| 080 | |a 547 |2 2001 | ||
| 080 | |a (075.8) |2 2001 | ||
| 100 | 1 | |a McMurry, Susan | |
| 240 | 1 | 0 | |a Study guide & student solutions manual. |l Česky |
| 245 | 1 | 0 | |a Studijní příručka a řešené příklady |b k českému vydání učebnice John McMurry: Organická chemie |c McMurry Susan ; [z anglického originálu ... přeložili Jiří Svoboda, Eva Klinotová, Jiří Klinot] |
| 250 | |a Vyd. 1. | ||
| 260 | |a V Praze |b Vysoká škola chemicko-technologická |c 2009 | ||
| 300 | |a x, 725 s. |b vzorce |c 30 cm | ||
| 500 | |a Preložené z angličtiny | ||
| 650 | 0 | 7 | |a organická chémia |2 SNKPH |
| 650 | 0 | 7 | |a príklady a riešenia |2 SNKPH |
| 655 | 7 | |a učebnice vysokých škôl |2 SNKPH | |
| 655 | 7 | |a študijné príručky |2 SNKPH | |
| 700 | 1 | |a Svoboda, Jiří |4 trl | |
| 700 | 1 | |a Klinotová, Eva |4 trl | |
| 700 | 1 | |a Klinot, Jiří |4 trl | |
| 752 | |a Česko |d Praha | ||
| 910 | |a savuk | ||
| 910 | |a SCHK95 | ||
| 919 | |a 978-80-7080-703-1 | ||
| 999 | |c 7876 |d 7876 | ||